| 000 | 01874nam a2200373 a 4500 | ||
|---|---|---|---|
| 001 | ebr10648942 | ||
| 003 | CaPaEBR | ||
| 006 | m u | ||
| 007 | cr cn||||||||| | ||
| 008 | 120927s2013 nju sb 001 0deng d | ||
| 010 | _z 2012035709 | ||
| 020 | _z9780691149097 (hbk. alk. paper) | ||
| 020 | _z9781400846573 (e-book) | ||
| 040 |
_aCaPaEBR _cCaPaEBR |
||
| 035 | _a(OCoLC)827236445 | ||
| 050 | 1 | 4 |
_aHG255 _b.S837 2013eb |
| 082 | 0 | 4 |
_a339.5/3 _223 |
| 100 | 1 | _aSteil, Benn. | |
| 245 | 1 | 4 |
_aThe battle of Bretton Woods _h[electronic resource] : _bJohn Maynard Keynes, Harry Dexter White, and the making of a new world order / _cBenn Steil. |
| 260 |
_aPrinceton : _bPrinceton University Press, _cc2013. |
||
| 300 | _aviii, 449 p. | ||
| 500 | _a"A Council on Foreign Relations Book." | ||
| 504 | _aIncludes bibliographical references and index. | ||
| 505 | 0 | _aIntroduction -- The world comes to the White Mountains -- The improbable rise of Harry White -- Maynard Keynes and the monetary menace -- "The most unsordid act" -- The best-laid plans of White and Keynes -- Whitewash -- History is made -- Begging like Fala -- Out with the old order, in with the new -- Epilogue. | |
| 533 |
_aElectronic reproduction. _bPalo Alto, Calif. : _cebrary, _d2013. _nAvailable via World Wide Web. _nAccess may be limited to ebrary affiliated libraries. |
||
| 600 | 1 | 0 |
_aKeynes, John Maynard, _d1883-1946. |
| 600 | 1 | 0 |
_aWhite, Harry Dexter, _d1892-1948. |
| 611 | 2 | 0 |
_aUnited Nations Monetary and Financial Conference _d(1944 : _cBretton Woods, N.H.) |
| 650 | 0 |
_aMonetary policy _xHistory _y20th century. |
|
| 650 | 0 |
_aInternational finance _xHistory _y20th century. |
|
| 655 | 7 |
_aElectronic books. _2local |
|
| 710 | 2 | _aebrary, Inc. | |
| 856 | 4 | 0 |
_uhttp://site.ebrary.com/lib/rucke/Doc?id=10648942 _zAn electronic book accessible through the World Wide Web; click to view |
| 999 |
_c34814 _d34814 |
||